000 00687pam a2200241 a 4500
999 _c3674
_d3674
001 1021088
003 GBCCL
005 20241126110500.0
008 880727s1989 tnu b 000 0 eng
010 _a 88024125
020 _a0805454438 :
_c$3.25
040 _aDLC
_cDLC
_dDLC
050 0 0 _aBV4905.2
_b.D97 1989
082 0 0 _a248.86
_219
_bDYS
100 1 _aDyson, Ernest,
_d1926-
_97281
245 1 0 _aLiving with God in loss /
_cErnest Dyson.
260 _aNashville, Tenn. :
_bBroadman Press,
_cc1989.
300 _a125 p. ;
_c20 cm.
504 _aBibliography: p. 123-125.
650 0 _aConsolation.
_9348
906 _a7
_bcbc
_corignew
_d1
_eocip
_f19
_gy-gencatlg
942 _2ddc
_cBK